ВАЗ-2109, ВАЗ-21099 и их модификации (Запись № 1104980)

Подробности
000 -МАРКЕР
контрольное поле 01565nam0a2200337 4500
001 - ИДЕНТИФИКАТОР ЗАПИСИ
контрольное поле RU\NLR\bibl\799029
005 - ИДЕНТИФИКАТОР ВЕРСИИ
контрольное поле 20250614125041.0
010 ## - МЕЖДУНАРОДНЫЙ СТАНДАРТНЫЙ НОМЕР КНИГИ (ISBN)
Номер (ISBN) 5-17-027711-3
Уточнения АСТ
010 ## - МЕЖДУНАРОДНЫЙ СТАНДАРТНЫЙ НОМЕР КНИГИ (ISBN)
Номер (ISBN) 5-271-10516-4
Тираж 50000
Уточнения Астрель
021 ## - НОМЕР ГОСУДАРСТВЕННОЙ РЕГИСТРАЦИИ
Код страны Российская Федерация
Номер 2005-3256
Номер Листа государственной регистраци 161
035 ## - ДРУГИЕ СИСТЕМНЫЕ НОМЕРА
Идентификатор записи (NLR Aleph) 000788213
100 ## - ДАННЫЕ ОБЩЕЙ ОБРАБОТКИ
Данные общей обработки 20050514d2005 |||y0rusy50 ca
101 0# - ЯЗЫК РЕСУРСА
Язык текста, звукозаписи и т.д. русский
102 ## - СТРАНА ПУБЛИКАЦИИ ИЛИ ПРОИЗВОДСТВА
Страна публикации Российская Федерация
105 ## - ПОЛЕ КОДИРОВАННЫХ ДАННЫХ: ТЕКСТОВЫЕ МАТЕРИАЛЫ, МОНОГРАФИЧЕСКИЕ
Кодированные данные о монографическом текстовом документе a |||||||||
200 1# - ЗАГЛАВИЕ И СВЕДЕНИЯ ОБ ОТВЕТСТВЕННОСТИ
Основное заглавие ВАЗ-2109, ВАЗ-21099 и их модификации
Сведения, относящиеся к заглавию руководство по эксплуатации, техническому обслуживанию и ремонту. Каталог деталей и запасных частей
Первые сведения об ответственности [Косарев Сергей Николаевич]
210 ## - ПУБЛИКАЦИЯ, РАСПРОСТРАНЕНИЕ И ДР.
Место издания, распространения и т.д. Москва
Имя издателя, распространителя и т. д. Астрель
-- АСТ
Дата издания, распространения и т.д. 2005
215 ## - ФИЗИЧЕСКАЯ ХАРАКТЕРИСТИКА
Специфическое обозначение материала и объем 494, [1] с.
Другие сведения о физической характеристике ил.
Размеры 28
606 1# - НАИМЕНОВАНИЕ ТЕМЫ КАК ПРЕДМЕТ
Наименование темы "Спутник", легковые автомобили
Формальный подзаголовок Каталоги
Тематический подзаголовок Детали
Системный номер авторитетной/нормативной записи 2122807
Идентификатор авторитетной/нормативной записи RU\NLR\auth\661281656
606 1# - НАИМЕНОВАНИЕ ТЕМЫ КАК ПРЕДМЕТ
Наименование темы "Спутник", легковые автомобили
Формальный подзаголовок Каталоги
Тематический подзаголовок Запасные части
Системный номер авторитетной/нормативной записи 2084107
Идентификатор авторитетной/нормативной записи RU\NLR\auth\661260187
606 1# - НАИМЕНОВАНИЕ ТЕМЫ КАК ПРЕДМЕТ
Наименование темы "Спутник", легковые автомобили
Формальный подзаголовок Учебные издания
Тематический подзаголовок Эксплуатация
Системный номер авторитетной/нормативной записи 2103326
Идентификатор авторитетной/нормативной записи RU\NLR\auth\661271828
686 ## - ИНДЕКСЫ ДРУГИХ КЛАССИФИКАЦИЙ
Индекс О335.52-08я7-1
686 ## - ИНДЕКСЫ ДРУГИХ КЛАССИФИКАЦИЙ
Индекс О335.52-04я26
702 #1 - ИМЯ ЛИЦА - ВТОРИЧНАЯ ОТВЕТСТВЕННОСТЬ
Начальный элемент ввода Косарев
Часть имени, кроме начального элемента ввода С. Н.
Расширение инициалов личного имени Сергей Николаевич
801 #0 - ИСТОЧНИК ЗАПИСИ
Страна Российская Федерация
Организация NLR
Дата составления 20050514
Правила каталогизации PSBO
801 #1 - ИСТОЧНИК ЗАПИСИ
Страна Российская Федерация
Организация NLR
Дата составления 20050514
942 ## - ДОПОЛНИТЕЛЬНЫЕ ЭЛЕМЕНТЫ ЗАПИСИ (АБИС)
Тип экземпляра АБИС Книга
980 ## - КОЛЛЕКЦИЯ
Название коллекции Национальная библиография
Экземпляры
Тип экземпляра Дата поступления Источник поступления Библиотека постоянного хранения Библиотека текущего хранения Место хранения Шифр хранения Штрих-код Статус экземпляра
Книга 14.05.2005 Обязательный экземпляр РНБ (Московский) РНБ (Московский) Русский книжный фонд: издания с 1957 года 2005-8/1307 918324  
Книга 14.05.2005 Обязательный экземпляр РНБ (Московский) РНБ (Московский) Русский книжный фонд: издания с 1957 года 2005-8/1307 918325